01978nam a2200361 i 4500001001000000003000900010005001700019007000300036008004100039040003000080082002300110111014100133245009200274264019600366300002500562336002700587337003300614338002800647505019700675590002600872600004300898650007700941650001701018650005801035700004901093700004901142700004001191910004001231942001401271952014001285952017401425999001701599000027477DO-SdBNP20240520190011.0ta110401s1992 dr 000 | spa d aDO-SdBNPbspacBNPHUerda a291.092bS471f2222 aSeminario "Grandes Figuras de la Evangelización de América"n(3º. :d1989 Sept. 23 :cSanto Domingo, República Dominicana)95455210aFray Pedro de Córdoba, O. P. /cJosé Luis Sáez, Wenceslao Vega, Ciriaco Landolfi. 1aSanto Domingo :bComisión Dominicana Permanente para la Celebración del Quinto Centenario del Descubrimiento y Evangelización de América;bUniversidad Católica Santo Domingo,c1992. a70 páginasc21 cm. 2rdacontentatextobtxt 2rdamediaasin mediaciónbn 2rdacarrieravolumenbnc0 gPrograma --tPedro de Córdoba y la catequésis de América /gJosé Luis Sáez --tLas leyes de Burgos /gWenceslao Vega --tFray Pedro de Córdoba: un amigo de Dios /gCiriaco Landolfi aInventariado, 2018/VM14aCÓRDOBA, PEDRO DE,d1482-1521954238 4aEvangelizaciónzAmérica LatinaxCongresos, conferencias, etc.929794 0aClero919068 4aIglesia católicazAmérica LatinaxHistoria9545531 a Sáez , José Luisd1937-eexponente96201 aVega B., Wenceslao,d1932-eexponente9386701 aLandolfi, Ciriaco924264eexponente aValidado. Control de la calidad EMS 2ddccLBS1 00102ddc51708PDaBNPHUbBNPHUcHDd2011-04-01iLF1l0oBNPHU PD 291.092 S471fp27477-10r2020-06-25w2020-06-25yLBS1ZNo se presta 00102ddc51708PDaBNPHUbBNPHUcCTd2021-12-16eColegio Nuestra Señora de LourdesiLF1l0o291.092 S471fp27477-20r2020-06-25te. 2w2020-06-25yLBS1ZNo se presta c26969d26969